Loading...
M.A Library Record
| Format: | Printed Book |
|---|---|
| Subjects: |
| LEADER | 00279nam a22000977a 4500 | ||
|---|---|---|---|
| 082 | |b LIB | ||
| 245 | |a M.A Library Record | ||
| 650 | |a Malayalam |9 307009 | ||
| 942 | |c BK | ||
| 999 | |c 76110 |d 76110 | ||
| 952 | |0 0 |1 0 |4 0 |6 LIB |7 0 |9 89392 |a MAL |b MAL |d 2017-03-29 |e 1267 |l 0 |o LIB |p MAL01267 |r 2017-03-29 |t 1 |w 2017-03-29 |y BK | ||